[Event "Hastings Masters 2022/23"]
[Site "Hastings"]
[Date "2022.12.29"]
[Round "2.29"]
[White "Southcott-Moyers, Indy"]
[Black "Latzke, Boris"]
[Result "1/2-1/2"]
[WhiteElo "1870"]
[BlackElo "2194"]
[PlyCount "103"]
[EventDate "2022.12.28"]
[EventType "swiss"]
[EventRounds "10"]
[EventCountry "ENG"]

1. d4 Nf6 2. c4 e6 3. Nf3 b6 4. g3 Ba6 5. b3 Bb4+ 6. Bd2 Be7 7. Nc3 d5 8. cxd5
exd5 9. Bg2 O-O 10. O-O c6 11. Ne5 Bb7 12. Rc1 Nbd7 13. Bf4 Nh5 14. e3 g6 15.
Nxd7 Qxd7 16. Bf3 Ng7 17. Bh6 Rfe8 18. Bxg7 Kxg7 19. Bg4 Qd6 20. h4 Rad8 21.
Bf3 Qf6 22. Kg2 Bd6 23. Rc2 Bb8 24. Rd2 Qd6 25. Ne2 Rd7 26. Nf4 Rde7 27. Rh1
Qd8 28. h5 Bd6 29. Qg1 Bc8 30. hxg6 hxg6 31. Qh2 Rh8 32. Qxh8+ Qxh8 33. Rxh8
Kxh8 34. Rc2 Bd7 35. Be2 Kg7 36. Nd3 Re8 37. Rc1 Rc8 38. Bf3 Bf5 39. Nf4 g5 40.
Nh5+ Kf8 41. g4 Be6 42. Ng3 Bxg3 43. Kxg3 c5 44. dxc5 bxc5 45. e4 d4 46. Be2
Ke7 47. f4 gxf4+ 48. Kxf4 Kd6 49. Bb5 f6 50. Bc4 Bd7 51. Rh1 Rc6 52. Rh6
1/2-1/2

[Event "Hastings Masters 2022/23"]
[Site "Hastings"]
[Date "2022.12.29"]
[Round "2.30"]
[White "Waldhausen Gordon, Frederick"]
[Black "Byrn, Carsten"]
[Result "1-0"]
[WhiteElo "2069"]
[BlackElo "1875"]
[PlyCount "55"]
[EventDate "2022.12.28"]
[EventType "swiss"]
[EventRounds "10"]
[EventCountry "ENG"]

1. e4 c5 2. Nf3 e6 3. c3 Nf6 4. e5 Nd5 5. Bc4 Nb6 6. Bb3 d6 7. d4 cxd4 8. cxd4
dxe5 9. Nxe5 Nc6 10. Nxc6 bxc6 11. O-O Be7 12. Bf4 O-O 13. Nc3 Nd5 14. Be5 Nxc3
15. bxc3 Bd6 16. Qe2 Bxe5 17. dxe5 Qa5 18. Qe3 Rd8 19. Rfd1 Bb7 20. Rd6 Rxd6
21. exd6 Qb6 22. Qg5 Qd8 23. Qe5 Qf6 24. Qc5 Qf5 25. Qxf5 exf5 26. Re1 c5 27.
d7 Kf8 28. Ba4 1-0

[Event "Hastings Masters 2022/23"]
[Site "Hastings"]
[Date "2022.12.29"]
[Round "2.31"]
[White "Shepley, Julien M"]
[Black "Arnott, Jonathan W"]
[Result "0-1"]
[WhiteElo "1848"]
[BlackElo "2063"]
[PlyCount "72"]
[EventDate "2022.12.28"]
[EventType "swiss"]
[EventRounds "10"]
[EventCountry "ENG"]

1. e4 e6 2. d4 d5 3. e5 c5 4. c3 Nc6 5. Nf3 Bd7 6. Be2 Nge7 7. Na3 cxd4 8. cxd4
Nf5 9. Nc2 Qb6 10. O-O Na5 11. b3 Bb5 12. Re1 Be7 13. Bxb5+ Qxb5 14. Ne3 Nxe3
15. Bxe3 O-O 16. h4 Bb4 17. Bd2 Nc6 18. a3 Bxd2 19. Qxd2 Qxb3 20. Reb1 Qa4 21.
Rxb7 Rab8 22. Rxb8 Rxb8 23. Rc1 h6 24. Qc3 Rb6 25. g3 Ne7 26. Qc5 Rc6 27. Qxe7
Rxc1+ 28. Kg2 Rc8 29. g4 Re8 30. Qc5 Qd7 31. g5 hxg5 32. Nxg5 f6 33. Nf3 Qf7
34. Qc2 Qh5 35. Qd3 Qg4+ 36. Kh2 Rf8 0-1

[Event "Hastings Masters 2022/23"]
[Site "Hastings"]
[Date "2022.12.29"]
[Round "2.32"]
[White "Royset, Pal"]
[Black "Gorgun, Aliriza Atif"]
[Result "1/2-1/2"]
[WhiteElo "2058"]
[BlackElo "1850"]
[PlyCount "91"]
[EventDate "2022.12.28"]
[EventType "swiss"]
[EventRounds "10"]
[EventCountry "ENG"]

1. e4 c5 2. Nc3 Nc6 3. Bb5 Nd4 4. Nf3 a6 5. Bd3 g6 6. Nxd4 cxd4 7. Ne2 Bg7 8.
c3 dxc3 9. bxc3 d5 10. Rb1 Nf6 11. e5 Ne4 12. f3 Nc5 13. Bc2 b5 14. O-O O-O 15.
Ba3 Nd7 16. f4 Nb6 17. Nd4 Nc4 18. Bc1 f6 19. e6 f5 20. d3 Nb6 21. Be3 Qd6 22.
a4 Nxa4 23. Bxa4 bxa4 24. Qxa4 Bxe6 25. Qa5 Rfb8 26. g3 Bf7 27. Nf3 Rxb1 28.
Rxb1 Rc8 29. Rb6 Bxc3 30. Qxa6 Qd8 31. d4 Ra8 32. Qb7 Ba5 33. Rb5 Bc7 34. Ne5
Rb8 35. Qc6 Rxb5 36. Qxb5 Qb8 37. Qxb8+ Bxb8 38. h4 Be8 39. Kf2 Bb5 40. Bd2 Kf8
41. Bb4 Ke8 42. Ke3 Bc7 43. Nf3 Kd7 44. Ng5 h5 45. Nf7 Ke6 46. Ng5+ 1/2-1/2

[Event "Hastings Masters 2022/23"]
[Site "Hastings"]
[Date "2022.12.29"]
[Round "2.33"]
[White "Faulks, Nick"]
[Black "Hng, Mei-En Emmanuelle"]
[Result "0-1"]
[WhiteElo "1802"]
[BlackElo "2057"]
[PlyCount "44"]
[EventDate "2022.12.28"]
[EventType "swiss"]
[EventRounds "10"]
[EventCountry "ENG"]

1. c4 b6 2. Nc3 e6 3. e4 Bb7 4. f3 Bb4 5. a3 Bxc3 6. bxc3 Ne7 7. d4 f5 8. Bd3
O-O 9. Bg5 Qe8 10. Qe2 Nbc6 11. h4 h6 12. Bd2 e5 13. d5 Na5 14. exf5 Nxf5 15.
Qe4 Nb3 16. Qg4 e4 17. Bxe4 Nxa1 18. Ne2 Qf7 19. O-O Nb3 20. Bf4 d6 21. Qh3 Nc5
22. Bc2 Rae8 0-1

[Event "Hastings Masters 2022/23"]
[Site "Hastings"]
[Date "2022.12.29"]
[Round "2.34"]
[White "Franco, Gaston"]
[Black "Kumar, Soham"]
[Result "1-0"]
[WhiteElo "2051"]
[BlackElo "1844"]
[PlyCount "51"]
[EventDate "2022.12.28"]
[EventType "swiss"]
[EventRounds "10"]
[EventCountry "ENG"]

1. e4 c5 2. Nf3 g6 3. d4 cxd4 4. Nxd4 Bg7 5. c4 Nc6 6. Be3 d6 7. Nc3 Nf6 8. Be2
O-O 9. O-O Bd7 10. Qd2 a5 11. Ndb5 Re8 12. f3 a4 13. Rab1 Qa5 14. Qe1 Nb4 15.
Qf2 Ra6 16. Rfc1 Rc8 17. h3 h5 18. a3 Nc6 19. Nd5 Kh7 20. Bf1 Qd8 21. Nb6 Rb8
22. c5 dxc5 23. Bxc5 Na5 24. Rd1 Nb3 25. Be3 Qc8 26. Nxc8 1-0

[Event "Hastings Masters 2022/23"]
[Site "Hastings"]
[Date "2022.12.29"]
[Round "2.35"]
[White "Wilson, Matthew R"]
[Black "Coote, Trevor D"]
[Result "1-0"]
[WhiteElo "1722"]
[BlackElo "2047"]
[PlyCount "72"]
[EventDate "2022.12.28"]
[EventType "swiss"]
[EventRounds "10"]
[EventCountry "ENG"]

1. e4 g6 2. Nc3 Bg7 3. f4 c6 4. Bc4 e6 5. Nf3 d5 6. Bb3 b5 7. e5 Nh6 8. d4 O-O
9. O-O Nd7 10. Ne2 Ba6 11. c3 Rb8 12. a3 c5 13. Bc2 b4 14. axb4 Bxe2 15. Qxe2
cxb4 16. Rxa7 Qc8 17. Bd2 b3 18. Bd3 Nb6 19. Rfa1 Rb7 20. Bc1 Nf5 21. g4 Ne7
22. Nd2 Rxa7 23. Rxa7 Nc6 24. Ra1 f6 25. Nxb3 fxe5 26. fxe5 Nd7 27. Bb5 Kh8 28.
Bxc6 Qxc6 29. Ra6 Qb7 30. Na5 Qc7 31. Nc6 Nb6 32. Nb4 Qb7 33. Bg5 h6 34. Bh4
Rf4 35. Bg3 Rf8 36. Qb5 Qf7 1-0

[Event "Hastings Masters 2022/23"]
[Site "Hastings"]
[Date "2022.12.29"]
[Round "2.36"]
[White "Harari, Zaki"]
[Black "Kelly, Paul J"]
[Result "1-0"]
[WhiteElo "2030"]
[BlackElo "1842"]
[PlyCount "171"]
[EventDate "2022.12.28"]
[EventType "swiss"]
[EventRounds "10"]
[EventCountry "ENG"]

1. e4 e5 2. Nf3 Nc6 3. c3 d5 4. Qa4 f6 5. d3 Nge7 6. Be2 Be6 7. O-O Qd7 8. Rd1
O-O-O 9. b4 b6 10. d4 Kb8 11. b5 Na5 12. dxe5 Qe8 13. Nd4 Bc8 14. Nb3 Nb7 15.
exf6 gxf6 16. Be3 h5 17. N1d2 Bh6 18. Bxh6 Rxh6 19. c4 dxe4 20. Nxe4 Rxd1+ 21.
Rxd1 Ng6 22. c5 f5 23. cxb6 axb6 24. Nc3 Qe5 25. Qd4 h4 26. h3 Nd6 27. Bf3 Qxd4
28. Nxd4 Ne5 29. Nc6+ Nxc6 30. Bxc6 Bb7 31. Bxb7 Kxb7 32. a4 c5 33. bxc6+ Kxc6
34. Nd5 Kc5 35. Nf4 Rh8 36. Nd3+ Kd4 37. Nb4+ Ke5 38. a5 bxa5 39. Rd5+ Ke6 40.
Rxa5 Rb8 41. Nd3 Rb1+ 42. Kh2 Ne4 43. Ra6+ Kf7 44. Rh6 Rd1 45. Ne5+ Kg7 46.
Rxh4 Nxf2 47. Rf4 Rh1+ 48. Kg3 Ne4+ 49. Kh4 Re1 50. Rxf5 Nd6 51. Rg5+ Kf6 52.
Ng4+ Kf7 53. Ra5 Re2 54. Kg3 Rb2 55. Ne5+ Ke6 56. Nf3 Nf5+ 57. Kh2 Kf6 58. Ra6+
Kg7 59. Re6 Ra2 60. Re4 Kf6 61. Rf4 Ke6 62. Nd4+ Nxd4 63. Rxd4 Ke5 64. Rb4 Kf5
65. h4 Kg6 66. Kh3 Kh6 67. Rb6+ Kh7 68. h5 Ra1 69. Kh4 Ra2 70. g4 Ra1 71. Rb7+
Kh8 72. Re7 Ra5 73. Re4 Kh7 74. g5 Ra1 75. Re7+ Kh8 76. h6 Rh1+ 77. Kg4 Rh2 78.
Kf5 Ra2 79. Kf6 Ra6+ 80. Re6 Ra8 81. g6 Rf8+ 82. Ke5 Ra8 83. Rc6 Kg8 84. Kd6
Rd8+ 85. Ke7 Ra8 86. Kd7 1-0

[Event "Hastings Masters 2022/23"]
[Site "Hastings"]
[Date "2022.12.29"]
[Round "2.37"]
[White "Winter, Kevin"]
[Black "White, Stuart A"]
[Result "0-1"]
[WhiteElo "1708"]
[BlackElo "2021"]
[PlyCount "94"]
[EventDate "2022.12.28"]
[EventType "swiss"]
[EventRounds "10"]
[EventCountry "ENG"]

1. e4 c5 2. Nc3 a6 3. a4 Nc6 4. f4 g6 5. Nf3 Bg7 6. Bc4 e6 7. d3 Nge7 8. O-O d5
9. Bb3 dxe4 10. dxe4 O-O 11. Qxd8 Rxd8 12. a5 Nd4 13. Nxd4 Bxd4+ 14. Kh1 Bd7
15. Na4 Bb5 16. c4 Bxa4 17. Rxa4 Nc6 18. Bc2 Rd7 19. e5 Rad8 20. Be4 f6 21.
exf6 Bxf6 22. Bf3 Nd4 23. Ra3 Nxf3 24. Raxf3 Rd3 25. Be3 Bxb2 26. Bxc5 Rxf3 27.
gxf3 Rd2 28. Rf2 Rxf2 29. Bxf2 Bc1 30. Bd4 Bxf4 31. Kg2 Kf7 32. h3 Bd2 33. Bb6
Kf6 34. Kf2 Ke5 35. Ke2 Bc1 36. Kd1 Ba3 37. Ke2 Kf4 38. Bc7+ e5 39. Bb8 Bb2 40.
Kf2 Bd4+ 41. Kg2 Ke3 42. Bd6 Kd3 43. c5 Kc4 44. Kf1 Kd5 45. f4 e4 46. Ke2 Bxc5
47. Bc7 Bd6 0-1

[Event "Hastings Masters 2022/23"]
[Site "Hastings"]
[Date "2022.12.29"]
[Round "2.38"]
[White "Sugden, John N"]
[Black "Howell, Oliver W"]
[Result "1/2-1/2"]
[WhiteElo "1997"]
[BlackElo "1804"]
[PlyCount "48"]
[EventDate "2022.12.28"]
[EventType "swiss"]
[EventRounds "10"]
[EventCountry "ENG"]

1. e4 e6 2. d4 d5 3. e5 c5 4. c3 Nc6 5. Nf3 Bd7 6. Be2 Nge7 7. Na3 cxd4 8. cxd4
Qb6 9. O-O Nf5 10. Nc2 Na5 11. b3 Bb5 12. Ne3 Nxe3 13. Bxe3 Ba3 14. Bc1 Bb4 15.
Bb2 Rc8 16. Ne1 Bxe2 17. Qxe2 O-O 18. Nd3 Rc7 19. Rfc1 Rfc8 20. Rxc7 Rxc7 21.
Rc1 Rxc1+ 22. Nxc1 Nc6 23. Qd3 Qa5 24. Kf1 Ba3 1/2-1/2

[Event "Hastings Masters 2022/23"]
[Site "Hastings"]
[Date "2022.12.29"]
[Round "2.39"]
[White "Westcott, Dale"]
[Black "Salmons, Calum"]
[Result "0-1"]
[WhiteElo "1610"]
[BlackElo "1989"]
[PlyCount "64"]
[EventDate "2022.12.28"]
[EventType "swiss"]
[EventRounds "10"]
[EventCountry "ENG"]

1. d4 d5 2. c4 c6 3. Nc3 Nf6 4. Nf3 e6 5. e3 Nbd7 6. Be2 Bd6 7. O-O O-O 8. b3
b6 9. Bb2 Bb7 10. Rc1 Qe7 11. cxd5 exd5 12. Bd3 Ne4 13. Bb1 f5 14. Qe2 Rf6 15.
g3 Rh6 16. Nxe4 fxe4 17. Nh4 Rf8 18. f4 a5 19. Rf2 Qe6 20. Rcf1 Qh3 21. Bc2 Be7
22. Rg2 Nf6 23. Bd1 Bc8 24. f5 g5 25. fxg6 hxg6 26. Rgf2 Kg7 27. Rf4 Bd6 28.
R4f2 Bxg3 29. hxg3 Qxg3+ 30. Rg2 Qxh4 31. Rf4 Qh1+ 32. Kf2 Ng4+ 0-1

[Event "Hastings Masters 2022/23"]
[Site "Hastings"]
[Date "2022.12.29"]
[Round "2.40"]
[White "Kumar, Sanjit S"]
[Black "Butt, Laurence"]
[Result "1-0"]
[WhiteElo "1965"]
[BlackElo "1740"]
[PlyCount "49"]
[EventDate "2022.12.28"]
[EventType "swiss"]
[EventRounds "10"]
[EventCountry "ENG"]

1. d4 d5 2. c4 e6 3. Nc3 f5 4. Nf3 Nf6 5. g3 Be7 6. Bg2 O-O 7. Ne5 c6 8. O-O
Nbd7 9. b3 Nxe5 10. dxe5 Ng4 11. Bb2 dxc4 12. bxc4 Nxe5 13. Qb3 Qc7 14. Rfd1 f4
15. Ne4 fxg3 16. Qxg3 Rf5 17. Bh3 Bh4 18. Qxh4 Ng6 19. Qd8+ Qxd8 20. Rxd8+ Rf8
21. Rad1 Nf4 22. Bf1 b6 23. Rxf8+ Kxf8 24. Rd8+ Kf7 25. Rxc8 1-0

[Event "Hastings Masters 2022/23"]
[Site "Hastings"]
[Date "2022.12.29"]
[Round "2.41"]
[White "Pousada Garcia, Daniel"]
[Black "Gamal, Alaa"]
[Result "1-0"]
[WhiteElo "1960"]
[BlackElo "1713"]
[PlyCount "115"]
[EventDate "2022.12.28"]
[EventType "swiss"]
[EventRounds "10"]
[EventCountry "ENG"]

1. e4 d5 2. exd5 Qxd5 3. Nc3 Qd6 4. d4 Nf6 5. Bd3 g6 6. Nge2 c6 7. Bf4 Qd8 8.
Qd2 Bg7 9. f3 Bf5 10. Bxf5 gxf5 11. Ng3 e6 12. O-O-O Nd5 13. Nxd5 cxd5 14. Rde1
Kd7 15. Nh5 Rg8 16. g4 fxg4 17. Rhg1 Nc6 18. Nxg7 Rxg7 19. fxg4 Qa5 20. Qxa5
Nxa5 21. Be5 Rg6 22. Ref1 Rf8 23. h4 Nc6 24. h5 Rgg8 25. Bf6 h6 26. g5 hxg5 27.
h6 Ke8 28. Bg7 Rxg7 29. hxg7 Rg8 30. Rxg5 Nxd4 31. Rh1 f6 32. Rg4 Nf5 33. Rh8
Kf7 34. Rxg8 Kxg8 35. Rg6 Nxg7 36. Rxf6 b5 37. Kd2 b4 38. Kd3 a5 39. c4 bxc3
40. Kxc3 e5 41. Rd6 d4+ 42. Kd3 Kf7 43. Ke4 Ne8 44. Ra6 a4 45. Kxe5 a3 46. Rxa3
Ke7 47. Ra7+ Kd8 48. Kxd4 Nf6 49. Rf7 Nd7 50. Rxd7+ Kxd7 51. Kc5 Kc7 52. b4 Kb7
53. b5 Kc7 54. b6+ Kb7 55. Kb5 Kb8 56. Kc6 Kc8 57. a3 Kb8 58. b7 1-0

[Event "Hastings Masters 2022/23"]
[Site "Hastings"]
[Date "2022.12.29"]
[Round "2.42"]
[White "Jukes, Sam"]
[Black "Damodaran, Patrick"]
[Result "1-0"]
[WhiteElo "1928"]
[BlackElo "1701"]
[PlyCount "107"]
[EventDate "2022.12.28"]
[EventType "swiss"]
[EventRounds "10"]
[EventCountry "ENG"]

1. e4 g6 2. d4 Bg7 3. Nc3 d6 4. f4 Nf6 5. Nf3 c5 6. dxc5 Qa5 7. Qd4 dxc5 8.
Bb5+ Nc6 9. Qa4 Qxa4 10. Bxa4 Bg4 11. e5 Nd7 12. Be3 O-O 13. Nd5 Rae8 14. O-O-O
Nb6 15. Bxc6 bxc6 16. Nc3 Nc4 17. Bxc5 Bh6 18. Rd4 Bxf3 19. Rxc4 Bxg2 20. Rg1
Bd5 21. Nxd5 cxd5 22. Rd4 e6 23. Kb1 Rb8 24. Bxf8 Bxf8 25. Rg3 Bc5 26. Ra4 Kf8
27. Rc3 Bb6 28. h4 h5 29. b3 Ke8 30. Kc1 Kd7 31. Rd3 Rb7 32. c4 Rc7 33. Kd2 Rc5
34. cxd5 Rxd5 35. Rxd5+ exd5 36. Kd3 Kc6 37. Ra6 Kc5 38. a4 Kb4 39. a5 Bf2 40.
Rf6 Bxh4 41. Rxf7 Kc5 42. Rxa7 Bd8 43. e6 h4 44. e7 Bxe7 45. Rxe7 Kb5 46. b4 h3
47. Rh7 d4 48. Kxd4 h2 49. Rxh2 g5 50. Rh5 Ka6 51. Kc5 gxf4 52. Rh7 f3 53. b5+
Kxa5 54. Ra7# 1-0

[Event "Hastings Masters 2022/23"]
[Site "Hastings"]
[Date "2022.12.29"]
[Round "2.43"]
[White "Bryant, Harry"]
[Black "Jacobs, Robert"]
[Result "0-1"]
[WhiteElo "1510"]
[BlackElo "1905"]
[PlyCount "88"]
[EventDate "2022.12.28"]
[EventType "swiss"]
[EventRounds "10"]
[EventCountry "ENG"]

1. d4 Nf6 2. c4 c5 3. d5 e5 4. Nc3 d6 5. e4 Be7 6. Nf3 O-O 7. h3 Nbd7 8. g4 a6
9. a4 b6 10. Be3 Ne8 11. Qd2 Rb8 12. Bd3 Kh8 13. g5 g6 14. Qc2 Ng7 15. h4 Nh5
16. O-O-O f6 17. gxf6 Ndxf6 18. Bh6 Ng7 19. Bxg7+ Kxg7 20. Qe2 Bg4 21. Rdg1 h5
22. Rg3 Nd7 23. Qe3 Rxf3 24. Rxf3 Bxh4 25. Rxh4 Qxh4 26. Rg3 Rf8 27. Ne2 Bxe2
28. Bxe2 Rf4 29. b4 cxb4 30. a5 Rxe4 31. Rxg6+ Kxg6 32. Bd3 Nc5 33. Bc2 bxa5
34. f3 Qg5 35. Qxg5+ Kxg5 36. Bxe4 h4 37. Kd2 h3 38. f4+ Kxf4 39. Bh1 a4 40.
Kc2 e4 41. Kd2 a3 42. Kc2 e3 43. Bf3 Kxf3 44. Kb1 b3 0-1

[Event "Hastings Masters 2022/23"]
[Site "Hastings"]
[Date "2022.12.29"]
[Round "2.44"]
[White "Ortiz Sanchez, Luis"]
[Black "Jerome, Stellio"]
[Result "1-0"]
[WhiteElo "1895"]
[BlackElo "1501"]
[PlyCount "55"]
[EventDate "2022.12.28"]
[EventType "swiss"]
[EventRounds "10"]
[EventCountry "ENG"]

1. e4 Nc6 2. d4 e5 3. Nf3 exd4 4. Nxd4 Qf6 5. Nf3 Ne5 6. Nbd2 Bc5 7. Be2 d6 8.
O-O Nh6 9. Nxe5 dxe5 10. Nb3 Bb6 11. c4 a6 12. c5 Ba7 13. Be3 Qg6 14. Qd5 Qe6
15. Rad1 Ke7 16. h3 f6 17. Qd2 Nf7 18. Qb4 Ke8 19. Rd2 Nd8 20. Rfd1 Nc6 21. Qa4
Qe7 22. Na5 Kf7 23. Nxc6 bxc6 24. Qxc6 Be6 25. Rd7 Bxd7 26. Rxd7 Qxd7 27. Qxd7+
Kg6 28. Qf5+ 1-0

[Event "Hastings Masters 2022/23"]
[Site "Hastings"]
[Date "2022.12.29"]
[Round "2.45"]
[White "Dewangan, Aayush"]
[Black "Liu, Tianyi (Jack)"]
[Result "1-0"]
[WhiteElo "1472"]
[BlackElo "1892"]
[PlyCount "65"]
[EventDate "2022.12.28"]
[EventType "swiss"]
[EventRounds "10"]
[EventCountry "ENG"]

1. e4 c5 2. Nf3 e6 3. d4 cxd4 4. Nxd4 Nc6 5. Nc3 Qc7 6. Be3 a6 7. Qd2 Nf6 8.
O-O-O Bb4 9. f3 Ne5 10. g4 b5 11. Bf4 O-O 12. a3 Be7 13. g5 Nh5 14. Bg3 d6 15.
f4 Nc4 16. Qe2 g6 17. Ndxb5 axb5 18. Nxb5 Qb6 19. Qxc4 Bb7 20. Nc3 Rfc8 21. Qd4
Qc7 22. Bd3 Bc6 23. Rhe1 Rcb8 24. Bc4 Bf8 25. Bb3 Qa5 26. Qc4 Bd7 27. f5 Nxg3
28. hxg3 d5 29. exd5 Rc8 30. Qd4 Bc5 31. Qe5 exf5 32. d6 Rf8 33. Nd5 1-0

[Event "Hastings Masters 2022/23"]
[Site "Hastings"]
[Date "2022.12.29"]
[Round "2.46"]
[White "Li, Ethan"]
[Black "Dhanuka Aman"]
[Result "1-0"]
[WhiteElo "1889"]
[BlackElo "1194"]
[PlyCount "121"]
[EventDate "2022.12.28"]
[EventType "swiss"]
[EventRounds "10"]
[EventCountry "ENG"]

1. e4 c6 2. d4 d5 3. exd5 cxd5 4. Bd3 Nc6 5. c3 Nf6 6. Bf4 Bg4 7. Qb3 Qd7 8.
Nd2 e6 9. Ngf3 Be7 10. O-O O-O 11. Rfe1 Rfe8 12. Rac1 Bh5 13. Ne5 Qc8 14. Ndf3
Bxf3 15. Nxf3 h6 16. h3 Nd7 17. c4 dxc4 18. Bxc4 Bf6 19. d5 exd5 20. Bxd5 Rxe1+
21. Rxe1 Kh8 22. Bxf7 Nce5 23. Nxe5 Bxe5 24. Rxe5 Nxe5 25. Bxe5 Qf5 26. Qxb7
Rd8 27. Qe7 Rc8 28. Bxg7+ Kh7 29. Bc3 Qb1+ 30. Kh2 Rxc3 31. Bh5+ Kg8 32. Qf7+
Kh8 33. Qf6+ Kh7 34. Qxc3 Qf5 35. Qc7+ Kg8 36. Qf7+ Qxf7 37. Bxf7+ Kxf7 38. Kg3
Ke6 39. Kf4 Kf6 40. b4 a6 41. a4 Ke6 42. b5 axb5 43. axb5 Kd6 44. b6 Kc6 45.
Ke5 Kxb6 46. Ke6 Kc7 47. f4 Kd8 48. Kf7 Kd7 49. f5 Kd6 50. f6 Ke5 51. Kg7 Ke6
52. f7 h5 53. f8=Q h4 54. Qf4 Kd5 55. Kf6 Kc6 56. Qxh4 Kc7 57. g4 Kd7 58. g5
Ke8 59. g6 Kf8 60. g7+ Kg8 61. Qh8# 1-0

[Event "Hastings Masters 2022/23"]
[Site "Hastings"]
[Date "2022.12.30"]
[Round "3.1"]
[White "Golding, Alex"]
[Black "Korpa, Bence"]
[Result "1-0"]
[WhiteElo "2318"]
[BlackElo "2516"]
[PlyCount "81"]
[EventDate "2022.12.28"]
[EventType "swiss"]
[EventRounds "10"]
[EventCountry "ENG"]

1. e4 Nf6 2. Nc3 d5 3. exd5 Nxd5 4. Nf3 Bf5 5. Bc4 Nb6 6. Be2 e6 7. O-O Be7 8.
d4 O-O 9. Bf4 Nc6 10. Qd2 Nb4 11. Rac1 c5 12. Rfd1 Rc8 13. a3 N4d5 14. Nxd5
Nxd5 15. dxc5 Bxc5 16. b4 Be7 17. Be5 Bf6 18. c4 Bxe5 19. Nxe5 Nb6 20. Qf4 Qe7
21. c5 Nd5 22. Qg3 a5 23. Bf3 axb4 24. Bxd5 exd5 25. axb4 Be6 26. Nf3 Ra8 27.
Nd4 Ra4 28. b5 Rc8 29. c6 bxc6 30. Rxc6 Rxc6 31. Nxc6 Qb7 32. Qd6 h6 33. b6 Kh7
34. Nd8 Qd7 35. Qxd7 Bxd7 36. Rb1 Ra8 37. Nxf7 Bf5 38. b7 Rb8 39. Rb6 d4 40.
Nd6 Be6 41. Kf1 1-0

[Event "Hastings Masters 2022/23"]
[Site "Hastings"]
[Date "2022.12.30"]
[Round "3.2"]
[White "Sulskis, Sarunas"]
[Black "Bazakutsa, Svyatoslav"]
[Result "1-0"]
[WhiteElo "2492"]
[BlackElo "2318"]
[PlyCount "115"]
[EventDate "2022.12.28"]
[EventType "swiss"]
[EventRounds "10"]
[EventCountry "ENG"]

1. c4 Nf6 2. Nc3 g6 3. e4 d6 4. d4 Bg7 5. h3 O-O 6. Bg5 c5 7. d5 b5 8. cxb5 a6
9. a4 Qa5 10. Bd2 e6 11. Nf3 Re8 12. Bd3 exd5 13. Nxd5 Qd8 14. Nxf6+ Bxf6 15.
O-O Bxb2 16. Rb1 Bf6 17. e5 Be7 18. exd6 Bxd6 19. Bc4 axb5 20. axb5 Be6 21.
Bxe6 Rxe6 22. Ng5 Re7 23. Bf4 Bc7 24. Bxc7 Qxc7 25. Qd5 Ra4 26. Rfd1 Kg7 27. b6
Qc6 28. Qd8 Re8 29. Qc7 Qf6 30. Qxc5 Rf4 31. Rd6 Rf5 32. Rxf6 Rxc5 33. Rxf7+
Kg8 34. Ra1 Rxg5 35. Raa7 Rf5 36. Rg7+ Kf8 37. Rxh7 Re1+ 38. Kh2 Kg8 39. Rhg7+
Kf8 40. Rgc7 Rf6 41. b7 Re8 42. Ra8 Rb6 43. Rxb8 Rxb8 44. Rc8+ Kg7 45. Rxb8 Rb3
46. f4 Rb2 47. h4 Rb5 48. g4 Rb4 49. Kg3 Rb3+ 50. Kf2 Rb4 51. Ke3 Rb3+ 52. Kd4
Rb4+ 53. Kc3 Rb5 54. f5 gxf5 55. gxf5 Rb6 56. f6+ Kf7 57. Rh8 Rxb7 58. Rh7+ 1-0

[Event "Hastings Masters 2022/23"]
[Site "Hastings"]
[Date "2022.12.30"]
[Round "3.3"]
[White "Ledger, Andrew J"]
[Black "Nagy, Gabor"]
[Result "1/2-1/2"]
[WhiteElo "2314"]
[BlackElo "2488"]
[PlyCount "32"]
[EventDate "2022.12.28"]
[EventType "swiss"]
[EventRounds "10"]
[EventCountry "ENG"]

1. d4 Nf6 2. c4 e6 3. Nf3 d5 4. Nc3 Bb4 5. Bg5 h6 6. Bxf6 Qxf6 7. Qa4+ Nc6 8.
e3 O-O 9. Rc1 Qg6 10. Qc2 Qxc2 11. Rxc2 Rd8 12. a3 Bf8 13. Be2 a6 14. O-O dxc4
15. Bxc4 Bd7 16. Rfc1 Rac8 1/2-1/2

[Event "Hastings Masters 2022/23"]
[Site "Hastings"]
[Date "2022.12.30"]
[Round "3.4"]
[White "Clarke, Brandon G I"]
[Black "Chan, Kim Yew"]
[Result "1-0"]
[WhiteElo "2484"]
[BlackElo "2289"]
[PlyCount "37"]
[EventDate "2022.12.28"]
[EventType "swiss"]
[EventRounds "10"]
[EventCountry "ENG"]

1. e4 c5 2. Nf3 e6 3. d4 cxd4 4. Nxd4 Nc6 5. Nc3 Qc7 6. Be3 a6 7. Qf3 Nf6 8.
O-O-O Ne5 9. Qg3 b5 10. Bf4 d6 11. Bxe5 dxe5 12. Bxb5+ axb5 13. Ncxb5 Qc5 14.
b4 Qc4 15. Qxe5 Rxa2 16. Nc7+ Kd7 17. Kb1 Ra4 18. Nb3+ Kc6 19. Rd4 1-0

[Event "Hastings Masters 2022/23"]
[Site "Hastings"]
[Date "2022.12.30"]
[Round "3.5"]
[White "Zimmermann, Klemens"]
[Black "Korneev, Oleg"]
[Result "0-1"]
[WhiteElo "2247"]
[BlackElo "2481"]
[PlyCount "94"]
[EventDate "2022.12.28"]
[EventType "swiss"]
[EventRounds "10"]
[EventCountry "ENG"]

1. d4 Nf6 2. c4 e6 3. Nc3 Bb4 4. Nf3 c5 5. e3 b6 6. Bd2 O-O 7. Be2 Bb7 8. O-O
d6 9. b3 Nbd7 10. a3 Bxc3 11. Bxc3 Ne4 12. Bb2 f5 13. Qc1 Qe8 14. Ne1 cxd4 15.
exd4 f4 16. f3 Qh5 17. Nd3 e5 18. Qe1 Ng5 19. Nf2 Rae8 20. d5 Rf6 21. h4 Qxh4
22. Ng4 Qh5 23. Nxf6+ gxf6 24. Bd3 Nc5 25. Bc2 Kf7 26. Qc3 Rg8 27. Kf2 Qh2 28.
Ke2 Nh3 29. Rae1 Rxg2+ 30. Kd1 b5 31. Kc1 bxc4 32. b4 Rxc2+ 33. Qxc2 Nd3+ 34.
Kb1 Qxc2+ 35. Kxc2 Nxe1+ 36. Rxe1 Bxd5 37. a4 Ng5 38. Rd1 Ke6 39. b5 Bxf3 40.
Ra1 h5 41. Bc3 h4 42. Be1 h3 43. Bf2 h2 44. Bxa7 h1=Q 45. Rxh1 Bxh1 46. a5 Kd7
47. Bb8 Ne6 0-1

[Event "Hastings Masters 2022/23"]
[Site "Hastings"]
[Date "2022.12.30"]
[Round "3.6"]
[White "Grieve, Harry"]
[Black "Muir, Andrew J"]
[Result "1/2-1/2"]
[WhiteElo "2438"]
[BlackElo "2244"]
[PlyCount "66"]
[EventDate "2022.12.28"]
[EventType "swiss"]
[EventRounds "10"]
[EventCountry "ENG"]

1. e4 c5 2. Nf3 Nc6 3. d4 cxd4 4. Nxd4 Nf6 5. Nc3 d6 6. Bg5 e6 7. Qd2 a6 8.
O-O-O Bd7 9. Kb1 h6 10. Be3 Be7 11. Nxc6 Bxc6 12. f3 Qc7 13. h4 b5 14. Ne2 Nd7
15. Nd4 Bb7 16. Bd3 Ne5 17. Qe2 Nc4 18. Bc1 Bf6 19. c3 d5 20. g4 O-O-O 21. Nb3
dxe4 22. Bxe4 Rxd1 23. Rxd1 Rd8 24. Bxb7+ Kxb7 25. g5 Rxd1 26. Qxd1 hxg5 27.
hxg5 Be5 28. f4 Bd6 29. Nd4 g6 30. Qf3+ Kb8 31. Be3 Qb7 32. Qxb7+ Kxb7 33. Bc1
e5 1/2-1/2

[Event "Hastings Masters 2022/23"]
[Site "Hastings"]
[Date "2022.12.30"]
[Round "3.7"]
[White "Han, Yichen"]
[Black "Anand, Batsukh"]
[Result "1/2-1/2"]
[WhiteElo "2423"]
[BlackElo "2203"]
[PlyCount "113"]
[EventDate "2022.12.28"]
[EventType "swiss"]
[EventRounds "10"]
[EventCountry "ENG"]

1. e4 c5 2. Nf3 e6 3. d4 cxd4 4. Nxd4 Nc6 5. Nc3 a6 6. Bf4 Qb6 7. Nb3 Nf6 8. a3
d5 9. exd5 exd5 10. Nxd5 Nxd5 11. Qxd5 Be6 12. Qe4 O-O-O 13. Qe3 Qxe3+ 14. Bxe3
Be7 15. Nd2 Bf5 16. O-O-O Bf6 17. Bc4 Ne5 18. Bb3 Ng4 19. Nc4 Nxe3 20. Nxe3 Bg5
21. Rhe1 Be4 22. Rxd8+ Rxd8 23. g3 Rd7 24. f4 Bd8 25. Nc4 f5 26. Nd2 Re7 27. c3
g6 28. Bc2 Bc6 29. Rxe7 Bxe7 30. Bb3 Kd7 31. Nc4 Ke6 32. Kd2 Kf6 33. Ne3 Bc5
34. Ke2 b5 35. Bg8 h6 36. b4 Bd6 37. c4 bxc4 38. Bxc4 Bb7 39. Bd5 Bc8 40. Bc6
g5 41. Nd5+ Kf7 42. fxg5 hxg5 43. Nb6 Be6 44. Bd5 Bc7 45. Bxe6+ Kxe6 46. Na4
Kd5 47. h4 gxh4 48. gxh4 Kc4 49. Nc5 a5 50. Nd3 axb4 51. axb4 Bd8 52. h5 Bg5
53. Kf3 Kxd3 54. b5 Be3 55. b6 Bxb6 56. Kf4 Bd4 57. Kxf5 1/2-1/2